| 000 | 00559nam a22002177a 4500 | ||
|---|---|---|---|
| 005 | 20170124110247.0 | ||
| 010 | _a223149 | ||
| 020 | _c00.00 | ||
| 035 | _a223149 | ||
| 037 | _bCen Lib/Ret | ||
| 040 |
_aDPL _bEN |
||
| 082 |
_a136.73 _bWOR |
||
| 110 |
_bWorld Assembley of Youth _997751 |
||
| 245 | _aYouth in India / | ||
| 260 |
_a[s.l.] _b[s.n.] |
||
| 270 | _b[s.l.] | ||
| 300 |
_axiv, 303p. _c21cm(Hb) |
||
| 650 |
_aGrowing youth revels -- India _997752 |
||
| 650 |
_aYouth -- India _918469 |
||
| 942 |
_2ddc _cEN _h136.73 _mWOR |
||
| 999 |
_c135587 _d135587 |
||